LEADER 00578nam a2200169 i 4500 001 000000250900 003 CaOOAMICUS 005 20160825000000.0 008 160825s1839 it u000 u ita u 013 $a229805 040 $aSeMil$bita 245 10$aVol. 4. 300 $a1232 p. 773 0 $aVoet, Johannes <1647-1713>$tCommento alle pandette.$dIn Venezia : Coi tipi di Antonio Bazzarini e C., 1834-1840.$g4$w()5980 850 $aSeMil 852 $aSeMil$W1$xVenegono$y1$m3L III 32 FA$j201246$B201246$CSeMilBibl$Z2$F212997 $8I 996 $6245$aVol. 4$9(OLS)http://semarc/title/108694 LEADER 00874nam a2200181 i 4500 001 000000057497 003 CaOOAMICUS 005 19971009000000.0 008 971009n xx u000 u ger u 013 $a28669 040 $aSeMil$bita 100 1 $aStuder, Basil,$c.$0(OLS)http://semarc/name/16341 245 14$aDie Theologische Arbeitsweise des Johannes von Damaskus. Ettal :$bBuch-Kunstverlag, 1956. (Studia Patristica et Byzantina). 600 04$aGiovanni : Damasceno .$0(OLS)http://semarc/subject/9467 650 4$aTesi di laurea.$0(OLS)http://semarc/subject/1690 850 $aSeMil 852 $aSeMil$W1$xVenegono$y1$m2I V 329$j23651$B23651$CSeMilBibl$Z2$F23653 $81 996 $6245$aDie Theologische Arbeitsweise des Johannes von Damaskus. Ettal :$bBuch-Kunstverlag, 1956. (Studia Patristica et Byzantina).$9(OLS)http://semarc/title/89498